00945nam a2200229 a 450000100100000000500170001000800410002704000250006809000150009310000230010824500350013126000570016630000210022349000520024459000750029665000390037183000590041091000370046904900090050695201830051599900170069800003482820200930073929.0111020s1949 mx 000 0 spa d aDO-SdBNPbspacBNPHU a113bM466f1 aMay, Edward96034810aFilosofía natural /cE. May. aBuenos Aires :bFondo de Cultura Económica,c1949. a153 p. ;c17 cm.1 aBreviarios del Fondo de Cultura Económicav83 aPerteneció a la biblioteca personal de Juan Isidro Jimenes Grullón 4aFilosofía de la naturaleza91849 0aBreviarios del Fondo de Cultura Económicav83925786 aValidado. Control de calidad MFF aBNPD 001052708RVaGRbGRcHDd2011-10-20iLF1l0o p34828-10r2020-06-25w2020-06-25y2zPerteneció a la biblioteca personal de Juan Isidro Jimenes GrullónZPréstamo interno c34319d34319